Southville International School and Colleges
Your cart is empty.
  • Cart
  • Lists
    Public lists Eva Luna New books Lux_list list_1
    Your lists Log in to create your own lists
  • Log in to your account
  • Your cookies
  • Search history
Southville International School and Colleges
  • Advanced search
  • Recent comments
  • Most popular
  • Libraries

Log in to your account

Log in with GOOGLE


If you do not have an external account, but do have a local account, you can still log in:

  1. Home
  2. MARC view: The new filipino english dictionary (revised edition) /
Normal view MARC view ISBD view

The new filipino english dictionary (revised edition) / (Record no. 14114)

[ view plain ]
MARC details
000 -LEADER
fixed length control field 00564nam a22001937a 4500
003 - CONTROL NUMBER IDENTIFIER
control field OSt
005 - DATE AND TIME OF LATEST TRANSACTION
control field 20140310182529.0
008 - FIXED-LENGTH DATA ELEMENTS--GENERAL INFORMATION
fixed length control field 130813t xxu||||| |||| 00| 0 eng d
020 ## - INTERNATIONAL STANDARD BOOK NUMBER
International Standard Book Number 97897103282804
050 ## - LIBRARY OF CONGRESS CALL NUMBER
Classification number PL 6057
Item number .N532 2007
110 ## - MAIN ENTRY--CORPORATE NAME
Corporate name or jurisdiction name as entry element Encleare Foundation Inc.
9 (RLIN) 9659
245 ## - TITLE STATEMENT
Title The new filipino english dictionary (revised edition) /
250 ## - EDITION STATEMENT
Edition statement 2nd ed.
260 ## - PUBLICATION, DISTRIBUTION, ETC. (IMPRINT)
Place of publication, distribution, etc Philippines :
Name of publisher, distributor, etc Encleare Foundation Inc.,
Date of publication, distribution, etc 2007.
300 ## - PHYSICAL DESCRIPTION
Extent 593 p. ;
Other physical details ill. ;
Dimensions 27 cm.
650 ## - SUBJECT ADDED ENTRY--TOPICAL TERM
Topical term or geographic name as entry element Dictionary
General subdivision Filipino-English
9 (RLIN) 9660
942 ## - ADDED ENTRY ELEMENTS (KOHA)
Source of classification or shelving scheme Library of Congress Classification
Holdings
Withdrawn status Lost status Source of classification or shelving scheme Damaged status Home library Current library Shelving location Date acquired Total Checkouts Full call number Barcode Date last seen Copy number Price effective from Koha item type
    Library of Congress Classification   South SEED-LPDH College Library South SEED-LPDH College Library South SEED-LPDH College Section 08/13/2013   PL 6057 .N532 2007 SSLC0748 05/15/2018 1 08/13/2013 Books

The new filipino english dictionary (revised edition) /

APA

Encleare Foundation Inc, . (2007). The new filipino english dictionary (revised edition). Philippines: Encleare Foundation Inc.

Chicago

Encleare Foundation Inc, . 2007. The new filipino english dictionary (revised edition). Philippines: Encleare Foundation Inc.

Harvard

Encleare Foundation Inc, . (2007). The new filipino english dictionary (revised edition). Philippines: Encleare Foundation Inc.

MLA

Encleare Foundation Inc, . The new filipino english dictionary (revised edition). Philippines: Encleare Foundation Inc. 2007.

  • Place hold
  • Print
  • Cite
  • Add to your cart (remove)
  • Save record
    BIBTEX Dublin Core MARCXML MARC (non-Unicode/MARC-8) MARC (Unicode/UTF-8) MARC (Unicode/UTF-8, Standard) MODS (XML) RIS
  • More searches
    Search for this title in:
    Other Libraries (WorldCat) Other Databases (Google Scholar) Online Stores (Bookfinder.com) Open Library (openlibrary.org)

Exporting to Dublin Core...

SOUTHVILLE LIBRARY

Southville International School and Colleges Library

1281 Tropical Ave. Cor. Luxembourg St., BF Homes International, Las Pinas City

Tel. No. 8256374 / 252358 Loc. 117/146

Powered by Koha